Hudba v sociálnej práci so staršími ľuďmi kvalitatívna sonda do vzdelávacieho procesu a praxe

Bibliographic Details
Main Author: Rusnáková, Anna (Author)
Other Authors: Burger, Tomáš (Translator)
Format: Book
Language:Slovak
PhysicalDescription:98 strán schémy 21 cm
Published: Prešov Prešovská univerzita v Prešove Vydavateľstvo Prešovskej univerzity 2017
ISBN:9788055519142
Edition:Vydanie prvé
Subjects:

MARC

LEADER 00000cam a2200000 4500
001 vtls011748230
003 SK-MaSNL
005 20260426003307.0
008 200104s2017 xo a frn 001 0 slo
015 |a SNBA2018/05 
020 |a 9788055519142  |q (brožované) 
035 |a urn:nbn:sk:snk-am00d2k8 
035 |a urn:nbn:sk:snk-am3hjis 
035 |a 6ED455F0-CEDB-44A2-8559-D7BD57E0D3F6 
040 |a SNK  |b slo  |c SNK  |e rda 
041 0 |a slo  |b eng 
043 |a e-xo--- 
044 |a xo  |c SK 
072 7 |a 364-1/-7  |x Druhy sociálnej pomoci a služieb  |2 konspekt 
080 |a 78  |2 2011 
080 |a 615.851:78  |2 2011 
080 |a 364-78  |2 2011 
080 |a 364.4-053.9  |2 2011 
080 |a (437.6)  |2 2011 
080 |a (048.8)  |2 2011 
080 |a 316.346.32-053.9  |2 2011 
100 1 |a Rusnáková, Anna  |4 aut  |9 46617 
245 1 0 |a Hudba v sociálnej práci so staršími ľuďmi  |b kvalitatívna sonda do vzdelávacieho procesu a praxe  |c Anna Rusnáková 
250 |a Vydanie prvé 
264 1 |a Prešov  |b Prešovská univerzita v Prešove  |b Vydavateľstvo Prešovskej univerzity  |c 2017 
300 |a 98 strán  |b schémy  |c 21 cm 
336 |a text  |b txt  |2 rdacontent 
337 |a bez média  |b n  |2 rdamedia 
338 |a zväzok  |b nc  |2 rdacarrier 
504 |a Bibliografia na strane 81-96 ; menný register 
546 |a Anglické resumé 
650 0 7 |a hudba  |2 SNKPH  |9 1063 
650 0 7 |a muzikoterapia  |2 SNKPH  |9 15778 
650 0 7 |a sociálna práca  |2 SNKPH  |9 1550 
650 0 7 |a starostlivosť o seniorov  |2 SNKPH  |9 108895 
650 0 7 |a seniori  |2 SNKPH  |9 117453 
650 0 7 |a Music  |2 SNKPHeng  |9 265352 
650 0 7 |a Social work  |2 SNKPHeng  |9 268197 
650 0 7 |a Older people's care  |2 SNKPHeng  |9 318917 
650 0 7 |a Music therapy  |2 SNKPHeng  |9 327477 
650 0 7 |a Aged  |2 SNKPHeng  |9 341603 
651 7 |a Slovensko  |2 SNKPHgeo  |9 14231 
651 7 |a Slovakia  |2 SNKPHeng  |9 92630 
655 7 |a monografie  |2 SNKPH  |9 70139 
655 7 |a Monographs  |2 SNKPHeng  |9 120675 
700 1 |a Burger, Tomáš  |4 trl  |9 612925 
919 |a 978-80-555-1914-2 
958 |a NB 
999 |c 941113  |d 943043 
952 |a SNK  |b SNK  |y PREZ  |7 0  |p 17A1322948  |o snkSC 178810  |i snk2018/7298  |8 0  |0 0  |1 0  |4 0  |d 2018-03-27  |f 1  |l 0  |r 2025-09-19 00:00:00  |w 2026-02-24 
952 |a SNK  |b SNK  |y VYP  |7 0  |p 17A1322949  |o snkSC 178810 D1  |i snk2018/7299  |8 0  |0 0  |1 0  |4 0  |d 2018-03-27  |l 0  |r 2026-02-24 09:18:22  |w 2026-02-24